Classic literature - Statistics

General Stats
  • This quiz has been taken 236 times
    229 since last reset
  • The average score is 16 of 25
Answer Stats
Book Author % Correct
Pride and Prejudice Jane Austen
97%
Emma Jane Austen
97%
The Great Gatsby F. Scott Fitzgerald
96%
Jane Eyre Charlotte Bronte
95%
1984 George Orwell
93%
The Picture of Dorian Grey Oscar Wilde
91%
Les Miserebles Victor Hugo
86%
Grapes of Wrath John Steinbeck
82%
Moby Dick Herman Melville
80%
the house of the seven gables Nathaniel Hawthorne
70%
The Scarlet Letter Nathaniel Hawthorne
70%
one hundred years of solitude Gabriel Garcia Marquez
68%
To the Lighthouse Virginia Woolf
67%
Lord of the Flies William Golding
67%
the heart of darkness Joseph Conrad
63%
Paradice Lost John Milton
61%
Fahrenheit 451 Ray Bradbury
59%
the tell-tale heart Edgar Allen Poe
58%
In Cold Blood Truman Capote
51%
The Last of the Mohicans James Fenimore Cooper
35%
Don Juan Lord Byron
29%
The Chrysalids John Wyndham
16%
The Neckalce Guy de Maupassant
14%
A Good Man is Hard to Fine Flannery O'Connor
10%
The Lady, or the Tiger? Frank R. Stockton
3%
No matching quizzes found
Score Distribution
Percent of People with Each Score
Percentile by Number Answered
Your Score History
You have not taken this quiz since the last reset